000 00460 a2200193 4500
005 20241230142006.0
008 241230b |||||||| |||| 00| 0 eng d
020 _a9789388318143
_cRs. 295.00
040 _aMAIN
082 _a510
_bH222M
100 _aHardy, G H
245 _aMathematician's apology
260 _aNew Delhi
_bHawk Press
_c2024
300 _a75
650 _aMathematics
650 _aMathematician
650 _aApology
942 _cBK
999 _c357470
_d357470